000 00311nam a22001337a 4500
020 _a789386339713
082 _a657
_bOSW/A
100 _aOSWAAL BOOKS
245 _aQUESTION BANK ACCOUNTANCY
_bCLASS XI
260 _aAGRA
_bOSWAAL BOOKS
300 _a368
650 _aACCOUNTANCY FOR CLASS XI
_zINDIA
942 _cBK
999 _c547
_d547